000 00536nam a2200205Ia 4500
001 12380
003 GE_BSU
008 181216s||||||||xx |||||||||||||| ||und||
040 _cGE_BSU
080 _a57
100 _aМичурин,И.В.
245 _aИзбранные сочинения
245 _cРед.Г.Г.фетисов
260 _aМосква
260 _bизд-во сельхоз. лит-ры
260 _c1955
300 _a606стр.27см.
653 _aИзбранные сочинения
942 _cBK
999 _c45554
_d45554